000 03560nam0a22005891 4500
001 RU\NLR\A1DV\32917
005 20260408063710.0
035 _a(NLR Aleph) 010777916
090 _a10052428
_c10052428
100 _a20070214d1824 m y0rusy50 ca
101 0 _arus
102 _aRU
135 _acrcn 024anaba
140 _ay y ga yaa0000
200 1 _aОпыт о идолах, Владимиром в Киеве поставленных во время язычества, и сим же великим князем самим уничтоженных, когда он просветился благодатным учением христианской Веры.
_fСтепана Руссова
210 _aСанктпетербург
_cв типографии Н. Греча
_d1824
215 _a[2], 17, [1] с.
_d
300 _aЦенз.: А.И.Красовский, 9 дек. 1824 г.
300 _aАвт. установлен по огл. в журн. публикации.
300 _aОтт. из журн.: Сын Отечества. - 1824. - Ч.98. - № 50. - С.145-161
316 _aЭкз. РНБ (18.11.3.145) в обл. из мрамор. бумаги. На 1-й с. обл. ярлык с шифром РНБ. На 2-й с. обл. пустой ярлык и ярлык со старым шифром. На тит. л. круглый штамп ГПБ и помета. На с.17 круглый штамп ГПБ. Размер: 19,6х12,0х0,3 см.
_5NLR: 18.11.3.145
321 1 _aСК 1801-1825 7843
321 1 _aПетр. 2134
321 1 _aПлав. 8338
325 _aКопия доступна в Электрон. б-ке РНБ
488 0 _12001#$aСын отечества$v1824, ч. 98
_tСын отечества
600 0 _aВладимир Святославович
_cвеликий князь киевский
_f? - 1015
_91348283
_3RU\NLR\AUTH\66247993
620 _dСанкт-Петербург
700 1 _4070
_7ca
_8rus
_aРуссов
_bС. В.
_f1768-1842
_gСтепан Васильевич
_967728
_3RU\NLR\AUTH\7784800
702 1 _4190
_aКрасовский
_bА. И.
_f1780-1857
_gАлександр Иванович
_9188266
_3RU\NLR\AUTH\770188317
702 1 _4610
_7ca
_8rus
_aГреч
_bН. И.
_f1787-1867
_gНиколай Иванович
_942916
_3RU\NLR\AUTH\7759985
712 0 0 _4610
_aГреч,
_cПетербург
_gН. И.,
_hтипография
_9569815
_3RU\NLR\AUTH\8810035694
801 0 _aRU
_bNLR
_c20070214
852 _aNLR
_j18.11.3.145
852 _aNLR
_j138/1418
856 0 _uhttps://vivaldi.nlr.ru/bx000025597/view
856 1 _uhttps://vivaldi.nlr.ru/bx000025597/cover
856 2 _uhttps://vivaldi.nlr.ru/bx000025597/text
942 _cBOOK
980 _aNB
980 3 _akpcivil2021
980 3 _akp2021
980 3 _akp
980 _aA1DV
981 2 2 _a(22) Материалы по истории России
_b(22) Религиозные конфессии
981 2 2 _a(22) Материалы по истории России
_b(22) Вспомогательные исторические дисциплины
981 2 0 _a(20) Книжные памятники РНБ
_b(20) Русский книжный фонд